01090nac a22003017a 4500001001000000003000900010005001700019008003400036040005400070072000800124090001900132110007300151245010600224260003400330300001100364490005500375650001700430650002800447650001200475650001300487650002300500650001200523650002400535909004700559942001700606999001900623952014600642BR8106536BR-BrBNA20240105115113.0230509b bl.|||m| |||| 00| 0 por d aBR-BrBNAbporcBiblioteca Nacional de Agricultura aM10 a3410 BR81065361 aSuperintendencia do Desenvolvimento do Nordeste, Recife, PE (Brasil)1 aProjeto algas. Estado do Rio Grande do Norte [alga marinha, criacao, distribuicao geografica, Brasil]3 aRecife, PE (Brasil): c1981.  a118 p. aBrasil. SUDENE. Estudos de Pesca (Brazil)vno. 9x aALGA MARINHA aDISTRIBUICAO GEOGRAFICA aCRIACAO aBIOMASSA aRECURSO ENERGETICO aMETANOL aRIO GRANDE DO NORTE a202312bLúcia Elandec55dLúcia Elande 2AGRISn0cMS c273052d273052 002AGRIS40708Acervo Gerala41918b41918cAGROBASEl0o3410 BR8106536p3410 BR8106536r2023-12-18yMSePortaria Interministerial nº 164/94